| 000 | 00415nam a2200133Ia 4500 | ||
|---|---|---|---|
| 008 | 220214s9999 xx 000 0 und d | ||
| 100 | _aZanias George P | ||
| 245 | 4 | _aThe Distribution CAP benefits among member states and the impact of a partial re-nationalisation: A note | |
| 260 |
_bJournal of Agricultural Economics _c2002 |
||
| 300 | _a108-112 | ||
| 650 | _aCAP | ||
| 650 | _aRe-nationalisation | ||
| 942 | _cRE | ||
| 999 |
_c45313 _d45313 |
||